000 00662cam a2200217 4500
001 sa 68014397
003 DLC
005 20260227112631.0
008 700220s1968 ii a 00000 eng
010 _asa 68014397 //r84
025 _aPL480:I-E-10896
050 0 _aQ73
_b.T95
082 _a507/.2/054
245 0 0 _a25 years of CSIR.
260 0 _a[New Delhi,
_bCouncil of Scientific and Industrial Research,
_c1968]
300 _a76 p.
_billus. (part col.)
_c28 cm.
500 _aCover title.
610 2 0 _aCouncil of Scientific & Industrial Research (India)
650 0 _aResearch
_zIndia.
710 2 0 _aCouncil of Scientific & Industrial Research (India)
999 _c85753
_d85753